<?xml version="1.0" encoding="UTF-8"?>
<marc:record xmlns:marc="http://www.loc.gov/MARC21/slim">
   <marc:leader>00000nam a2200000 a 4500</marc:leader>
   <marc:datafield ind1="1" ind2=" " tag="100">
      <marc:subfield code="a">Sotto Yambao, Samantha</marc:subfield>
      <marc:subfield code="4">aut</marc:subfield>
      <marc:subfield code="e">Verfasser/-in</marc:subfield>
   </marc:datafield>
   <marc:datafield ind1="1" ind2=" " tag="100">
      <marc:subfield code="a">Hagemann, Sonja</marc:subfield>
      <marc:subfield code="4">trl</marc:subfield>
      <marc:subfield code="e">Übersetzer/-in</marc:subfield>
   </marc:datafield>
   <marc:datafield ind1=" " ind2=" " tag="653">
      <marc:subfield code="a">Geheimnis</marc:subfield>
   </marc:datafield>
   <marc:datafield ind1=" " ind2=" " tag="653">
      <marc:subfield code="a">Tokio</marc:subfield>
   </marc:datafield>
   <marc:datafield ind1=" " ind2=" " tag="653">
      <marc:subfield code="a">Wahrheit</marc:subfield>
   </marc:datafield>
   <marc:datafield ind1=" " ind2=" " tag="653">
      <marc:subfield code="a">Entscheidungen</marc:subfield>
   </marc:datafield>
   <marc:datafield ind1=" " ind2=" " tag="653">
      <marc:subfield code="a">Seelenfriede</marc:subfield>
   </marc:datafield>
   <marc:datafield ind1="0" ind2="0" tag="245">
      <marc:subfield code="a">Water Moon</marc:subfield>
   </marc:datafield>
   <marc:datafield ind1="0" ind2="0" tag="245">
      <marc:subfield code="b">Roman</marc:subfield>
   </marc:datafield>
   <marc:datafield ind1="0" ind2="0" tag="245">
      <marc:subfield code="c">Samantha Sotto Yambao. Sonja Hagemann</marc:subfield>
   </marc:datafield>
   <marc:datafield ind1=" " ind2="1" tag="264">
      <marc:subfield code="a">München</marc:subfield>
      <marc:subfield code="b">Limes</marc:subfield>
      <marc:subfield code="c">2025</marc:subfield>
   </marc:datafield>
   <marc:datafield ind1=" " ind2=" " tag="250">
      <marc:subfield code="a">1. Auflage</marc:subfield>
   </marc:datafield>
   <marc:datafield ind1="1" ind2=" " tag="520">
      <marc:subfield code="a">Eine Liebesgeschichte voller Wunder  bewegend, verzaubernd, inspirierend. &lt;br/&gt;&lt;br/&gt;In den Gassen von Tokio, hinter der Tür eines unauffälligen Ramen-Restaurants, verbirgt sich ein besonderes Geschäft: Hier können unverwirklichte Träume gegen Seelenfrieden und exquisiten grünen Tee eingetauscht werden. Doch an dem Tag, an dem Hana den Laden von ihrem Vater Toshio übernehmen soll, ist dieser plötzlich verschwunden und der Tresor geplündert. Ein junger Wissenschaftler bietet Hana an, mit ihr nach Toshio zu suchen. Die beiden begeben sich auf eine abenteuerliche Reise und je näher sie der Wahrheit kommen, desto klarer wird Hana, dass es an der Zeit ist, ihr eigenes Geheimnis zu lüften ... &lt;br/&gt;&lt;br/&gt; &lt;br/&gt;&lt;br/&gt; Ein hinreißendes Setting und eine wunderschöne Geschichte um eine junge Frau, die durch die Kraft ihrer Träume das Schicksal ändert und die Liebe findet. &lt;br/&gt;&lt;br/&gt; &lt;br/&gt;&lt;br/&gt; Wunderschön ausgestattete Ausgabe mit gestaltetem Bezug und Vorsatzpapier sowie originellem faltbaren Origami-Schutzumschlag.</marc:subfield>
   </marc:datafield>
   <marc:datafield ind1=" " ind2=" " tag="020">
      <marc:subfield code="a">9783809027898</marc:subfield>
      <marc:subfield code="9">9783809027898</marc:subfield>
   </marc:datafield>
   <marc:datafield ind1=" " ind2=" " tag="041">
      <marc:subfield code="a">ger</marc:subfield>
   </marc:datafield>
   <marc:datafield ind1="1" ind2=" " tag="521">
      <marc:subfield code="a">0</marc:subfield>
   </marc:datafield>
   <marc:datafield ind1=" " ind2=" " tag="300">
      <marc:subfield code="a">415 Seiten</marc:subfield>
   </marc:datafield>
</marc:record>
